Afrika Quiz - Sudden Death - Statistiken

Allgemein
  • Dieses Quiz wurde 153 mal gespielt
  • Das Durchschnittsergebnis liegt bei 16 aus 17
Answers on the Grid
Answers color-coded by a green-red scale on the quiz's grid according to % correct below.
Botswana
Namibia
Malawi
Mali
Mauretanien
Republik Kongo
Bundesrepublik Deutschland
Portugal
Kenia
Schweizer Afrika Kolonie
Angola
Japan
Osterinseln
Vereinigten Staaten
Ambirien
Nordsudan
Ghana
Südtiroler Bratwurst
Gania
Elfenbeinküste
Elfenau
Tschad
Simbabwe
Tansania
Tunesien
Gambola
Freiburg im Breisgau
Ägypten
Lesotho
Eswatini
 
Antwortstatistiken
Antwort % Korrekt
Ägypten
96%
Angola
96%
Elfenbeinküste
96%
Kenia
96%
Lesotho
96%
Tansania
96%
Botswana
95%
Mali
95%
Simbabwe
95%
Tunesien
95%
Ghana
94%
Malawi
94%
Namibia
94%
Republik Kongo
94%
Tschad
94%
Eswatini
92%
Mauretanien
92%
Keine übereinstimmenden Quizze gefunden
Verteilung der Resultate
Anzahl Personen mit jedem Resultat
Perzentil nach korrekt beantworteten Fragen
Ihre Resultats-Entwicklung
Sie haben dieses Quiz noch nicht gespielt